00505 a2200157 4500010001400000020002300014035001300037037001500050082001100065100002300076245005600099260005300155270006500208300002400273500005000297 aENG-88416 c550.00a8179100987 aEN-71949 bDBAD / PUB14a305.42 aChatterjee, Mohini1 aFeminism and gender equality/cby Mohini Chatterjee aJaipurbAavishkar Publishers, Distributorsc2005 a807,Vyas Building, Chaura Rasta,bJaipure302 003cRajasthan av, 240p.c22cm (Hb) aIncludes bibliographical references and index